00477 a2200121 4500003000500000005001700005040000900022082000800031245012300039260003200162650013800194651002300332Nust20170207171823.0 cNust a799 a63-LEc On Dev of Crictical Thinking Skills amoung Students by Prof Norman Reid & Meet with Comdt,Photographs-2016cMCS aRawalpindibMCSc04-04-2016 a63-LEc On Dev of Crictical Thinking Skills amoung Students by Prof Norman Reid & Meet with Comdt,Photographs-2016 DVD No 26 (Vol-III) aSweet Memories-MCS